<?xml version="1.0" encoding="UTF-8"?>
<marc:record xmlns:marc="http://www.loc.gov/MARC21/slim">
   <marc:leader>00000nam a2200000 a 4500</marc:leader>
   <marc:datafield ind1="1" ind2=" " tag="100">
      <marc:subfield code="a">Czakert, Judith</marc:subfield>
      <marc:subfield code="4">aut</marc:subfield>
      <marc:subfield code="e">Verfasser/-in</marc:subfield>
   </marc:datafield>
   <marc:datafield ind1=" " ind2=" " tag="653">
      <marc:subfield code="a">Indianer</marc:subfield>
   </marc:datafield>
   <marc:datafield ind1=" " ind2=" " tag="653">
      <marc:subfield code="a">Kräuter</marc:subfield>
   </marc:datafield>
   <marc:datafield ind1=" " ind2=" " tag="653">
      <marc:subfield code="a">Heilpflanzen</marc:subfield>
   </marc:datafield>
   <marc:datafield ind1=" " ind2=" " tag="653">
      <marc:subfield code="a">Garten</marc:subfield>
   </marc:datafield>
   <marc:datafield ind1=" " ind2=" " tag="653">
      <marc:subfield code="a">Botanik</marc:subfield>
   </marc:datafield>
   <marc:datafield ind1="0" ind2="0" tag="245">
      <marc:subfield code="a">Alte Heilpflanzen aus der neuen Welt</marc:subfield>
   </marc:datafield>
   <marc:datafield ind1=" " ind2="1" tag="264">
      <marc:subfield code="b">Österreichischer Agrarverlag</marc:subfield>
      <marc:subfield code="c">2009</marc:subfield>
   </marc:datafield>
   <marc:datafield ind1="1" ind2=" " tag="520">
      <marc:subfield code="a">Klappentext: Pflanzen aus der "Neuen Welt" wachsen zuhauf in unseren Gärten. Es lohnt sich, sie näher zu betrachten, ihre Heilkräfte zu kennen und auch zu nutzen. In einer Zeit, in der viele Menschen auf natürliche Heilung setzen, ist dieses Wissen heute gefragter denn je. Ein Buch für alle, die sich mit Völkern, Kulturen und alternativen Heilverfahren auseinandersetzen möchten.  Über den Autor und weitere Mitwirkende Judith Czakert absolvierte nach dem Abitur eine Ausbildung zur Staudengärtnerin im Botanischen Garten in Bonn. Aufgrund ihres besonderen Interesses für Kulturgeschichte studierte sie Kulturanthropologie und Germanistik. Während eines Redaktionspraktikums bei einer namhaften deutschen Gartenzeitung entdeckte sie ihre Leidenschaft fürs Schreiben.</marc:subfield>
   </marc:datafield>
   <marc:datafield ind1="3" ind2=" " tag="024">
      <marc:subfield code="a">9783704023568</marc:subfield>
   </marc:datafield>
</marc:record>
